Mary J. Blige Discography - Statistics

General Stats
  • This quiz has been taken 11 times
  • The average score is 10 of 21
Answer Stats
Type Year Name % Correct
Album 1999 Mary
90%
Album 1997 Share My World
90%
Album 1992 What's the 411?
90%
Album 1994 My Life
80%
Album 2001 No More Drama
60%
Album 2011 My Life II... The Journey Continues (Act 1)
50%
Album 2017 Strength of a Woman
50%
Album 2009 STRONGER withEach Tear
50%
Album 2005 The Breakthrough
50%
Album 2014 The London Sessions
50%
Holiday Album 2013 A Mary Christmas
40%
Remix Album 2002 Dance for Me
40%
Album 2007 Growing Pains
40%
Album 2003 Love & Life
40%
Live Album 1998 The Tour
40%
Soundtrack 2014 Think Like a Man Too
40%
Compilation 2006 Reflections (A Retrospective)
30%
Compilation 2000 Ballads
20%
Compilation 2006 Mary J. Blige & Friends
20%
Compilation 2006 My Collection of Love Songs
20%
Remix Album 1993 What's the 411? Remix
20%
No matching quizzes found
Score Distribution
Percent of People with Each Score
Percentile by Number Answered
Your Score History
You have not taken this quiz